01554 2200421 4500001002100000005001500021035002000036007000300056008004100059020002200100100003600122245027500158250003200433300005100465700003000516700003700546700003500583700003400618700003700652700002700689700003000716700003500746700003600781264003000817336002100847337003000868338002300898082001400921084001600935650003400951040002200985090002201007850001201029504002501041999002201066990002201088990002201110INLIS00000000090187020260123014112 a0010-0126000803ta260122s2025 yoi f ind d a978-979-21-8497-60 aAlexius Dwi WidiatnaePengarang10aMendidik manusia utuh :bintegrasi iman dan pengetahuan /cAlexius Dwi Widiatna, F.X. Armada Riyanto, Emanuel Ditia Prabowo, Daniel Ortega Galed, Hermawan Kartajaya, Ken Kurniawan Sutanto, Kuncoro Foe, Agnes Prasanna, Murti Sri Pamungkas; penyunting, Alexius Martin Laka aCetakan pertama: tahun 2025 axiv, 441 halaman :bilustrasi, gambar ;c21 cm0 aArmada RiyantoePengarang0 aEmanuel Ditia PrabowoePengarang0 aDaniel Ortega GaledePengarang0 aHermawan KartajayaePengarang0 aKen Kurniawan SutantoePengarang0 aKuncoro FoeePengarang0 aAgnes PrasannaePengarang0 aMurti Sri PamungkasePengarang0 aAlexius Martin LakaePenyunting31aSleman :bKanisius,c2025 2rdacontentateks 2rdamediaatanpa perantara 2rdacarrieravolume04223a248.4 a248.4 ALE m 4aKehidupan beragama (Katholik) aYOPDYOGbinderda aCB-D.11 2025-4434 aYOPDYOG aTermasuk bibliografi aCB-D.11/2025-4434 aCB-D.11/2025-4439 aCB-D.11/2025-4434